000 00441nam a22001577a 4500
020 _a978-0-19-973769-7
082 _a501
_bROA/B
245 _aBeyond the finite:
_bthe sublime in art and science/
_cby Roald Hoffmann (ed.)
260 _aOxford:
_bOxford University Press,
_c2011.
300 _a173p.
650 _aScience Philosophy
650 _aScience Aesthetics
650 _aSciences
700 _aIain Boyd Whyte (ed.)
942 _cBK
999 _c54150
_d54150